000 00812nas a2200253 4500
001 BR9206525
003 BR-BrBNA
005 20231205092931.0
007 ta
008 230509b bl.|||p| |||| 00| 00por d
040 _aBR-BrBNA
_bpor
_cBiblioteca Nacional de Agricultura
041 _a(Pt)
072 _aL70; L74
100 1 _aViana, J.A.C.
100 1 _aRodriguez, N.M.
245 1 _aO uso do fosforo e do calcio fecais para estimar a sua ingestao em ovinos
650 _aOVINO
650 _aFEZES
650 _aANALISE DE LABORATORIO
650 _aDEFICIENCIA MINERAL
773 0 _tArquivos da Escola de Veterinaria da Universidade Federal de Minas Gerais (Brazil)
_xISSN 0365-8384
_g(Dec 1979), v. 31(3) p. 403-409
_wBR9206525
909 _a202311
_bLúcia
_c55
_dLúcia Elande
942 _2AGRIS
_n0
_cANA
999 _c135210
_d135210